Sistema de facturación y control de inventario de productos terminados de panadería Lanuza.

Presenta el análisis y diseño de un sistema de facturación y control de inventario de productos terminados de panadería Lanuza, en el diseño del sistema se hace uso de la metodología orientada a objetos, el proceso utilizado de desarrollo del software RUP basado en UML.

Bibliographic Details
Main Authors: Rosales Sandoval, Nelson, Sánchez Montenegro, Oma, Urroz Arroliga, Pablo José
Other Authors: Tutor: Benavides Rugama, Claudia Lucía
Format: Tesis Section = Libro
Language:Undetermined
Spanish
Published: Managua UNI 2012
Subjects:
LEADER 01222nam a2200265Ia 4500
008 240830s9999 xx 000 0 und d
040 |a BIBLIOTECA-RUPAP T.Mon 005.12 R788 
041 |a spa 
082 |a T.Mon 005.12 R788 
100 1 |a Rosales Sandoval, Nelson 
100 1 |b Sánchez Montenegro, Oma 
100 1 |c Urroz Arroliga, Pablo José 
245 1 0 |a Sistema de facturación y control de inventario de productos terminados de panadería Lanuza. 
260 |a Managua  |b UNI  |c 2012 
300 |a 135 p. :il. 
500 |a Contiene: anexos e Incluye: CD. 
502 |a Tesis (Ingeniero de Sistemas)- UNI, 2012. 
520 3 |a Presenta el análisis y diseño de un sistema de facturación y control de inventario de productos terminados de panadería Lanuza, en el diseño del sistema se hace uso de la metodología orientada a objetos, el proceso utilizado de desarrollo del software RUP basado en UML. 
650 7 |a SISTEMA DE INFORMACION AUTOMATIZADO - INVENTARIO - FACTURACION 
650 7 |b ANAISIS Y DISEÑO DE SISTEMAS 
650 7 |c SISTEMA DE INFORMACION - CONTROL DE INVENTARIO Y FACTURACION. 
700 1 |a Tutor:  |b Benavides Rugama, Claudia Lucía 
942 |c BK  |2 ddc 
991 |a TESIS 
999 |c 17997